| 000 | 01938nam a2200553 i 4500 | ||
|---|---|---|---|
| 001 | 55816 | ||
| 003 | KOSZ 005 | ||
| 005 | 20210430112702.0 | ||
| 008 | 060621s2004 pl a f |001 0 pol | ||
| 015 | _aUWD 2006/19965 | ||
| 020 | _a8373611746 | ||
| 035 | _a991025828019705066 | ||
| 035 | _a(PL-WaBN)b17032131-48omnis_nlop | ||
| 035 | _ab17032131 | ||
| 035 | _a(OCoLC)749613073 | ||
| 035 | _a(PL)b0000001703213 | ||
| 035 | _a(EXLNZ-48OMNIS_NETWORK)9910389952505606 | ||
| 040 |
_aWA N _cWA N _dKOSZ005/HR |
||
| 046 | _k2004 | ||
| 080 | _a004.42 | ||
| 080 | _a004.92 | ||
| 080 | _a62-045.43 | ||
| 080 | _a(07) | ||
| 100 | 1 |
_aKazimierczak, Grzegorz _eAutor |
|
| 245 | 1 | 0 |
_aSolid Edge : _bkomputerowe wspomaganie projektowania / _cGrzegorz Kazimierczak [oraz] Bernard Pacula, Adam Budzyński. |
| 260 |
_aGliwice : _bWydawnictwo Helion, _ccop. 2004. |
||
| 300 |
_a694, [1] s. : _bil. ; _c24 cm + _edysk optyczny (CD-ROM). |
||
| 336 |
_aTekst _btxt _2rdacontent |
||
| 337 |
_aBez urządzenia pośredniczącego _bn _2rdamedia |
||
| 338 |
_aWolumin _bnc _2rdacarrier |
||
| 380 | _aKsiążki | ||
| 380 | _aPublikacje fachowe | ||
| 388 | _a2001- | ||
| 500 | _aCD-ROM zawiera programy Solid Edge Smart Viev v15, Solid Edge Layout oraz pliki przykładów opisanych w książce. | ||
| 504 | _aIndeks. | ||
| 650 | 7 |
_aProgramy graficzne _2DBN |
|
| 650 | 7 |
_aProjektowanie wspomagane komputerowo _2DBN |
|
| 650 | 7 |
_aSolid Edge _2DBN |
|
| 655 | 7 |
_aPodręcznik _2DBN |
|
| 655 | 7 |
_aRysunek techniczny _2DBN |
|
| 658 | _aInformatyka i technologie informacyjne | ||
| 658 | _aInżynieria i technika | ||
| 700 | 1 |
_aBudzyński, Adam _eAutor |
|
| 700 | 1 |
_aPacula, Bernard _eAutor |
|
| 710 | 2 |
_aHelion _4pbl |
|
| 856 |
_uhttp://koha.tu.koszalin.pl/cgi-bin/koha/opac-detail.pl?biblionumber=55816 _yKatalog online BPK |
||
| 942 |
_2UKD _cKS |
||
| 999 |
_c55816 _d55816 |
||